Southville International School and Colleges
Your cart is empty.
  • Cart
  • Lists
    Public lists Eva Luna New books Lux_list list_1
    Your lists Log in to create your own lists
  • Log in to your account
  • Your cookies
  • Search history
Southville International School and Colleges
  • Advanced search
  • Recent comments
  • Most popular
  • Libraries

Log in to your account

Log in with GOOGLE


If you do not have an external account, but do have a local account, you can still log in:

  1. Home
  2. MARC view: Accounting /
Normal view MARC view ISBD view

Accounting / (Record no. 288374)

[ view plain ]
MARC details
000 -LEADER
fixed length control field 00644nam a2200205 a 4500
003 - CONTROL NUMBER IDENTIFIER
control field PILC
005 - DATE AND TIME OF LATEST TRANSACTION
control field 20150810104414.0
008 - FIXED-LENGTH DATA ELEMENTS--GENERAL INFORMATION
fixed length control field 130416s 000 0 eng d
020 ## - INTERNATIONAL STANDARD BOOK NUMBER
International Standard Book Number 9781285073071
050 00 - LIBRARY OF CONGRESS CALL NUMBER
Classification number HF 5635
Item number .W35 2014
100 1# - MAIN ENTRY--PERSONAL NAME
Personal name Warren, Carl S.
245 10 - TITLE STATEMENT
Title Accounting /
Statement of responsibility, etc Carl S. Warren, James M. Reeve, Jonathan E. Duchac.
250 ## - EDITION STATEMENT
Edition statement 25th ed.
260 ## - PUBLICATION, DISTRIBUTION, ETC. (IMPRINT)
Place of publication, distribution, etc Australia :
Name of publisher, distributor, etc South-Western/Cengage Learning,
Date of publication, distribution, etc 2014.
300 ## - PHYSICAL DESCRIPTION
Extent 1 v. (various pagings) :
Other physical details color illustrations ;
Dimensions 29 cm.
650 #0 - SUBJECT ADDED ENTRY--TOPICAL TERM
Topical term or geographic name as entry element Accounting.
700 1# - ADDED ENTRY--PERSONAL NAME
Personal name Reeve, James M.,
Dates associated with a name 1953-
700 1# - ADDED ENTRY--PERSONAL NAME
Personal name Duchac, Jonathan E.
942 ## - ADDED ENTRY ELEMENTS (KOHA)
Source of classification or shelving scheme Library of Congress Classification
Koha item type Books
Call number prefix Foreign
Holdings
Withdrawn status Lost status Source of classification or shelving scheme Damaged status Home library Current library Shelving location Date acquired Source of acquisition Cost, normal purchase price Sub Shelving location Total Checkouts Total Renewals Full call number Barcode Date last seen Date checked out Price effective from Koha item type
    Library of Congress Classification   College Library College Library Reserve Section 08/10/2015 Library Fund 7038.00   1 6 HF 5635 .W35 2014 C19695 05/15/2018 07/19/2016 08/10/2015 Books

Accounting /

APA

Warren C. S., Reeve J. M. & Duchac J. E. (2014). Accounting. Australia: South-Western/Cengage Learning.

Chicago

Warren Carl S, Reeve James M and Duchac Jonathan E. 2014. Accounting. Australia: South-Western/Cengage Learning.

Harvard

Warren C. S., Reeve J. M. and Duchac J. E. (2014). Accounting. Australia: South-Western/Cengage Learning.

MLA

Warren Carl S, Reeve James M and Duchac Jonathan E. Accounting. Australia: South-Western/Cengage Learning. 2014.

  • Place hold
  • Print
  • Cite
  • Add to your cart (remove)
  • Save record
    BIBTEX Dublin Core MARCXML MARC (non-Unicode/MARC-8) MARC (Unicode/UTF-8) MARC (Unicode/UTF-8, Standard) MODS (XML) RIS
  • More searches
    Search for this title in:
    Other Libraries (WorldCat) Other Databases (Google Scholar) Online Stores (Bookfinder.com) Open Library (openlibrary.org)

Exporting to Dublin Core...

SOUTHVILLE LIBRARY

Southville International School and Colleges Library

1281 Tropical Ave. Cor. Luxembourg St., BF Homes International, Las Pinas City

Tel. No. 8256374 / 252358 Loc. 117/146

Powered by Koha